Представление документа в формате MARC21

Поле Инд. ПП Название Значение
Тип записи a
Библиографический уровень a
001 Контрольный номер 4d643f31af88494f82f52d5f02e14bf8
005 Дата корректировки 20190703162810.4
020 a ISBN 978-5-7609-1275-6
040 a Служба первич. каталог. НБ ТвГУ
b Код языка каталог. rus
e Правила каталог. PSBO
041 0_ a Код языка текста rus
097 b Оператор Raenko.AV
100 1_ a Автор Бибанаева Светлана Александровна
q Полное имя Бибинаева С.А.
245 10 a Заглавие Влияние кальцийсодержащих реагентов на выщелачивание бокситов по способу байера
260 a Место издания Тверь
b Издательство Тверской государственный университет
504 a Библиография Библиогр.: с. 97-98 (6 назв.)
520 0_ a Аннотация Приведены результаты экспериментального изучения влияния кальцийсодержащих реагентов на степень выщелачивания бокситов Тиманского месторождения по параллельному способу Байер-спекание. Методами РФА и ЭДРА определен фазовый состав продуктов взаимодействия. Показано образование гидросиликата кальция в красном шламе
653 0_ a Ключевые слова Производство глинозема
a Ключевые слова Выщелачивание
a Ключевые слова Оксид кальция
a Ключевые слова Гидросиликат кальция
a Ключевые слова Металлургия
a Ключевые слова Цветные металлы
700 12 a Другие авторы Сабирзянов Наиль Аделевич
q Полное имя Сабирзянов Н.А.
700 12 a Другие авторы Корюков Владимир Николаевич
q Полное имя Корюков В.Н.
773 18 w Контрольный № источника 42e2f0140eee4552ac3821e5ea91fec8
t Название источника Физико-химические аспекты изучения кластеров, наноструктур и наноматериалов
d Место и дата издания Тверь : Тверской государственный университет, 2017
g Прочая информация Вып. 9. - С. 94-98
856 40 u URL http://texts.lib.tversu.ru/texts/14682t.pdf
x Примечание для ЭОР Реестр суммарного учета сетевых локальных документов
x Примечание для ЭОР Справка УИС 2017
i Дата подключения ЭОР 20190703
901 t Тип документа a
920 a Оператор Раен
954 b Дата поступления в ОК 20190604